| 000 | 01106nam a22002537a 4500 | ||
|---|---|---|---|
| 005 | 20200104041616.0 | ||
| 008 | 130624b2012 ck ao gr||||s00| 0 spa d | ||
| 020 | _a978-958-8491-59-2 | ||
| 040 |
_aCO-BoIAVH _cCO-BoIAVH |
||
| 041 | 0 | _aspa | |
| 044 | _ack | ||
| 082 | 0 | 4 |
_a333.91 _bM66g |
| 110 | 2 | _aMinisterio de Ambiente y Desarrollo Sostenible | |
| 245 |
_aGuía de Diseño e Implementación de Proyectos Ambientales Escolares PRAE desde la cultura del agua : _bBrota, fluye, crea, recrea... cambia. Elemento vital para transformar la cultura ambiental / _cMinisterio de Ambiente y Desarrollo Sostenible |
||
| 260 |
_aBogotá, Colombia : _bMinisterio de Ambiente y Desarrollo Sostenible , _c2012. |
||
| 300 |
_a76 páginas : _bIlustraciones,fotografías ; _c28 x22 cm. |
||
| 504 | _aIncluye ruta de navegación y bibliografía (p. 74 - 76) | ||
| 650 | 6 | _aEducación Ambiental | |
| 650 | 6 | _aProyectos ambientales escolares escolares PRAE | |
| 650 | 6 | _aGestión Ambiental | |
| 650 | 6 | _aPlaneación Ambiental | |
| 650 | 6 | _aPlanes de Acción | |
| 942 |
_2ddc _cLIBRO |
||
| 999 |
_c7324 _d7324 |
||